000 00508nam a2200181Ia 4500
003 GCL
008 140319s9999 xx 000 0 ara d
040 _aGCL /
_cGCL
082 0 4 _a413
_bم م
100 1 _aمصطفى طلاس
245 1 0 _aمعجم الاسماء العربية /
_cمصطفى طلاس
700 1 _aنديم عدى
300 _a353 ص
490 _a
650 0 4 _aاللغة العربية - الالفاظ
650 0 4 _aاللغة العربية - المعاجم
942 _2ddc
_cBK
999 _c42866
_d42866